000 00413nam a22001457a 4500
005 20250714172920.0
008 250714b |||||||| |||| 00| 0 eng d
020 _a025986298715
050 _aBT 160
_bWEN
100 _aWENHAM, JOHN W.
245 _aTHE ENIGMA OF EVIL
_bCan We Believe in the Goodness of God?
_cJOHN W. WENHAM
260 _aMICHIGAN
_bACADEMIE BOOKS
_cc1985
300 _a223p,;
942 _2lcc
_cBK
_n0
999 _c6970
_d6970